| 000 | 01348nac a22003737a 4500 | ||
|---|---|---|---|
| 001 | BR7805623 | ||
| 003 | BR-BrBNA | ||
| 005 | 20240105114304.0 | ||
| 008 | 230509b bl.|||m| |||| 00| 0 por d | ||
| 040 |
_aBR-BrBNA _bpor _cBiblioteca Nacional de Agricultura |
||
| 072 | _aF00; E15; E70 | ||
| 090 | _a2120 BR7805623 | ||
| 100 | 1 | _aSoro, Y. | |
| 110 | 1 |
_aUniversidade de Sao Paulo, Sao Paulo (Brasil). Inst. de Geografia _910547 |
|
| 245 | 1 | _aO cafe em Sao Paulo e na Costa do Marfim: um estudo comparativo [Coffea arabica; Pratica cultural; Economia da producao; Produtividade; Comercio exterior; Exportacao; Mercado internacional; Brasil] | |
| 260 | 3 |
_aSao Paulo, SP (Brasil): _c1978. |
|
| 300 | _a152 p. | ||
| 490 |
_aTeses e Monografias - Universidade de Sao Paulo. Inst. de Geografia (Brazil) _vno. 33 _x |
||
| 500 | _a17 illus.; 29 tables; Bibliography p. 143-148 (118 ref.) | ||
| 502 | _aDissertacao (Mestre) | ||
| 650 | _aProducao vegetal | ||
| 650 | _aMicroeconomia | ||
| 650 | _aComercializacao | ||
| 650 | _aCafe | ||
| 650 | _aPratica cultural | ||
| 650 | _aEconomia da producao | ||
| 650 | _aProdutividade | ||
| 650 | _aComercio exterior | ||
| 650 | _aExportacao | ||
| 650 | _aMercado internacional | ||
| 650 | _aCosta do Marfim | ||
| 909 |
_a202312 _bLúcia Elande _c55 _dLúcia Elande |
||
| 942 |
_2AGRIS _n0 _cMS |
||
| 999 |
_c268478 _d268478 |
||